DC- Flash's Rogues Gallery - Statistics

General Stats
  • This quiz has been taken 209 times
  • The average score is 11 of 33
Answer Stats
Answer % Correct
Eobard Thawne/Professor Zoom/Reverse Flash
93%
Leonard Snart/Captain Cold
92%
Mick Rory/Heatwave
76%
Evan McCulloch/Mirror Master
72%
Sam Scudder/Mirror Master
72%
Gorilla Grodd
68%
Mark Mardon/Weather Wizard
67%
George Harkness/Captain Boomerang
59%
Owen Mercer/Captain Boomerang
59%
Axel Walker/Trickster
55%
Giovanni Giuseppe/Trickster
55%
James Jesse/Trickster
55%
Lisa Snart/Golden Glider
49%
Roscoe Dillon/The Top
42%
Hartley Rathaway/Pied Piper
39%
Roy G. Bivolo/Rainbow Raider
26%
Citizen Abra/Abra Kadabra
21%
Anthony Woodward/Girder
20%
Frances Kane/Magenta
19%
Albert Desmond/Doctor Alchemy
15%
Alvin Desmond/Doctor Alchemy
15%
Michael Christian Amar/Murmur
9%
Thaddeus Thawne II/Inertia
9%
Jared Morillo/Plunder
8%
Chill
6%
Jeremy Tell/Double Down
6%
Weather Witch
6%
Amunet Black/Blacksmith
5%
Mirror Man
3%
Mister Magic
2%
Burn
1%
Roscoe Hynes/Turbine
1%
Anthony Gambi/Replicant
0%
No matching quizzes found
Score Distribution
Percent of People with Each Score
Percentile by Number Answered
Your Score History
You have not taken this quiz